Phương pháp vật lí và sinh lí phóng xạ dùng trong nông nghiệp sinh học và y học

Đã lưu trong:
書目詳細資料
主要作者: Lê văn Duyệt
格式: 圖書
語言:Undetermined
出版: Hà Nội KHKT 1982
主題:
標簽: 添加標簽
沒有標簽, 成為第一個標記此記錄!
Thư viện lưu trữ: Trung tâm Học liệu Trường Đại học Cần Thơ
LEADER 00598nam a2200181Ia 4500
001 CTU_7554
008 210402s9999 xx 000 0 und d
082 |a 616.0757 
082 |b D528p 
100 |a Lê văn Duyệt 
245 0 |a Phương pháp vật lí và sinh lí phóng xạ dùng trong nông nghiệp sinh học và y học 
245 0 |c Lê văn Duyệt 
260 |a Hà Nội 
260 |b KHKT 
260 |c 1982 
650 |a nuclear medicine,radiobiology 
904 |i Nguyễn Huỳnh Mai, 960822 
980 |a Trung tâm Học liệu Trường Đại học Cần Thơ